LEADER 01506nam 2200409 450 001 000007320 005 20050718115300.0 010 $a88-206-2476-1 100 $a20010207d1983----km-y0itay0103----ba 101 0 $aita 102 $aIT 200 1 $a<> piante e l'inquinamento dell'aria$fGiacomo Lorenzini 210 $aBologna$cEdagricole$dc1983 215 $a259 p.$cill.$d21 cm. 606 $aInquinamento atmosferico$xEffetti sulle piante 606 $aPiante$xDanni da inquinamento 606 $aEcologia$xEffetti dell'inquinamento atmosferico sulle piante 676 $a632.19$v(20. ed.)$9Danni e malattie delle piante. Da inquinamento atmosferico e da radiazioni. 700 1$aLorenzini$bGiacomo$064256 801 0$aIT$bUniversitą della Basilicata - B.I.A.$gRICA$2unimarc 912 $a000007320 996 $aPiante e l'inquinamento dell'aria$974801 997 $aUNIBAS BAS $aMONAGR BAS $aMONOGR BAS $aAGRARIA CAT $aTORRE$b20$c20010207$lBAS01$h1455 CAT $aTORRE$b20$c20010215$lBAS01$h1740 CAT $aTORRE$b20$c20010215$lBAS01$h1741 CAT $aTORRE$b20$c20010216$lBAS01$h0920 CAT $c20050601$lBAS01$h1754 CAT $abatch$b01$c20050718$lBAS01$h1049 CAT $c20050718$lBAS01$h1108 CAT $c20050718$lBAS01$h1138 CAT $c20050718$lBAS01$h1153 FMT Z30 -1$lBAS01$LBAS01$mBOOK$1BASA2$APolo Tecnico-Scientifico$2DID$BDidattica$3PTS.s2.p17.23A$651444$5A51444$820010207$f04$FPrestabile Didattica LEADER 01480nam0 22003613i 450 001 SBL0469002 005 20231121125825.0 020 $aIT$b74585 100 $a20041222d1973 ||||0itac50 ba 101 | $aita 102 $ait 181 1$6z01$ai $bxxxe 182 1$6z01$an 200 1 $aDiario indiano$fAllen Ginsberg$gintroduzione, traduzione e note di Fernanda Pivano 210 $aRoma$cArcana$d[1973] 215 $aLXIV, 270 p., [8] c. di tav.$cill.$d20 cm. 225 | $aSituazioni$v6 410 0$1001RAV0109545$12001 $aSituazioni$v6 500 10$aIndian journals$3REA0034529$9RAVV027487$93636701 606 $aGinsberg, Allen$xDiari$2FIR$3RMLC434160$9N 676 $a818.5403$9Miscellanea americana in inglese. 1945-1999. Diari.$v21 700 1$aGinsberg$b, Allen$3RAVV027487$4070$0196521 702 1$aPivano$b, Fernanda$3CFIV037838 801 3$aIT$bIT-01$c20041222 850 $aIT-RM028 $aIT-RM0289 $aIT-FR0017 899 $aBiblioteca Universitaria Alessandrina$bRM028 899 $aBiblioteca Statale A. Baldini$bRM0289 899 $aBiblioteca umanistica Giorgio Aprea$bFR0017 $eN 912 $aSBL0469002 950 0$aBiblioteca umanistica Giorgio Aprea$d 52DLP Gin.Dia.$e 52SBA0000215405 VMB RS Donazione prof.sa Luciana Pirč$fA $h20161025$i20161025 977 $a 01$a 04$a 52 996 $aIndian journals$93636701 997 $aUNICAS